000 00635nam a2200217Ia 4500
003 OSt
005 20220923230706.0
006 a|||||r|||| 00| 0
007 ta
008 Pun
024 _a304,802
037 _cTextual
040 _aARTS
_cARTS
_bPun
041 _2Pun
_aPun
082 _aWxI69,1, 153K4;M3
100 _aਮਕਿਆਵੈਲੀ; ਆਹਲੂਵਾਲੀਆ, ਆਰ. ਐਸ., ੳਗ.
_9169129
245 0 _aਸਮਰਾਟ
260 _c1983
942 _hWxI69,1, 153K4;M3
_cTEXL
_2CC
999 _c386609
_d386609